Ora ouve... (Registo nº 3974)

Detalhes MARC
000 -Etiqueta do registo
Cabeçalho 00820cam a2200301 4500
005 - Identificador da versão
Campo de controlo 20240813122049.0
095 ## -
-- PTBN00998073
010 ## - Número internacional normalizado dos livros (ISBN)
Número (ISBN) 9724102211
021 ## - Número do Depósito Legal
Código do país PT
Número 14513/87
100 ## - Dados gerais de processamento
Dados gerais de processamento 19980606d1997 c y0pory5003 ba
102 ## - Pais de publicação ou produção
País de publicação Portugal
101 0# - Língua de publicação
Língua do texto, banda sonora, etc. Português
106 ## - Campo de dados codificados: material textual
Dados codificados do material textual r
105 ## - Campo de dados codificados: livros
Dados codificados dos livros a z 000ay
215 ## - Descrição física 
Indicação específica da natureza do documento e extensão da espécie 47, [2] p.
Outras indicações físicas muito il.
Dimensões 21 cm
200 1# - Titulo e menção de responsabilidade
Título próprio Ora ouve...
Informação de outro título histórias antiquíssimas
Primeira menção de responsabilidade adaptadas por Ilse Losa
Outras menções de responsabilidade il. Manuela Bacelar
225 1# - Colecção 
Título próprio da colecção Asa juvenil
Indicação de volume 35
205 ## - Menção da edição
Menção da edição 3ª ed
210 ## - Publicação, Distribuição, etc. 
Lugar da edição, distribuição, etc. Porto
Nome do editor, distribuidor, etc. Asa
Data da publicação, distribuição, etc. 1997
675 ## - Classificação Decimal Universal (CDU)
Notação 087.5
Edição BN
Língua da edição por
Notação 869.0-34 Losa, Ilse
Edição BN
Língua da edição por
702 #1 - Nome de autor-pessoa física (responsabilidade secundária)
Número de registo de entrada de autoridade 0000045
Palavra de ordem Bacelar
Outra parte do nome não tomada para palavra de ordem Manuela
Datas 1943-
Código de função Ilustrador / Técnico de desenho computorizado
700 #1 - Nome de autor-pessoa física (responsabilidade principal)
Número de registo de entrada de autoridade 0000349
Palavra de ordem Losa
Outra parte do nome não tomada para palavra de ordem Ilse
Datas 1913-2006
942 ## - Elementos de entrada adicionados (Koha)
Tipo de item no Koha Livro
Exemplares
Situação do levantamento Origin of item (home branch) (coded) Biblioteca de empréstimo Código de barras Cota Circulation type (not for loan) Tipo de documento Nota do exemplar Damaged status
  Biblioteca Escolar das Vendas Biblioteca Escolar das Vendas BEV343 8POR LOS   Livro Sem mensagem